Score 0/26 Timer 07:00
0 Plays Today
% Correct
a single day
91.2%
wrote a popular erotic book
89.7%
a room at Harvard
88.7%
brother and sister
87.3%
tickling it everyday
86.6%
Paris Hilton
86.1%
male genitalia and explode
85.9%
their bottoms
84.2%
Dick
82.5%
their own brains
82.3%
the US Ambassador to Ghana
81.6%
a magic hen
81.1%
his college dorm room
81%
% Correct
the one with the brighter stripes
80.4%
vote rigging
79.1%
wrongly addressed mail
76.8%
warmer and have less rain
73.9%
77 people’s lives
71.8%
mines
68.7%
London
65.9%
a functioning telephone
64.4%
China
59.1%
Big Macs
58.2%
nuclear weapons
55%
a Zeppelin
52.9%
a greyhound
47.7%

You're not logged in!

Compare scores with friends on all Sporcle quizzes.
OR
Log In

Sporcle TV

Today on Sporcle TV


Watch our educational content, quiz creation guides, and fun videos on Sporcle TV.

Show Comments

Extras

Top Quizzes Today


Score Distribution

Your Account Isn't Verified!

In order to create a playlist on Sporcle, you need to verify the email address you used during registration. Go to your Sporcle Settings to finish the process.

Report this User

Report this user for behavior that violates our Community Guidelines.

Details: